000 00405nam a2200181Ia 4500
001 7500
005 20260306160500.0
008 260306t2014||||xx |||||||||||||| ||spa||
041 _aESP
082 _a339
_bM22
100 _aMankiw, N. Gregory
_eAUT
245 0 _aMacroeconomĂ­a
260 _c2014
300 _a859 páginas :
_c24 cm.
650 _aGEN
654 _aCAN
942 _cLIB
_dJUS
_fJUS
_2ddc
_n
999 _c7500
_d7500